000 00459nam a22001937a 4500
003 OSt
005 20241104120220.0
008 241104b |||||||| |||| 00| 0 eng d
040 _cMRSPTU
041 _aENG
082 _a631.4
_bRA-S
100 _aRathinasamy, A
245 _aFundamentals of Soil Science
260 _aJodhpur
_bScientific Pub.
_c2023
300 _a354
650 _aAgriculture
700 _aSaliha, B. Bakiyathu
942 _2ddc
_cBK
_n0
999 _c10417
_d10417